00438 2200157 4500001002100000008004100021035002000062245004800082100002800130260004000158300002200198020002200220084001600242082001000258990001200268INLIS000000000002896 IND  a0010-0925000243 aMari Membaca SyaircDrs. Umar Igiasi, M.Pd. aDrs. Umar Igiasi, M.Pd. aJakartabEsensi Erlangga Grupc2017 a141c(20 x 26 cm) a978-602-6847-45-4 a372.4 UMA m a372.4 a0755291